000
00320nam a22001457a 4500
008
230517b ||||| |||| 00| 0 eng d
020
_a
9780131583078
041
_a
eng
080
_a
621
082
_a
621REH
100
_a
19
101
_a
MEK
245
_a
MANUAL DRIVETRAINS AND AXLES
_c
REHKOPF.J
942
_2
udc
_c
BK
999
_c
59755
_d
59755